00369nam a2200109Ia 4500008004100000100002600041245003100067260006900098300001100167650001300178856006800191160712s9999 xx 000 0 und d aGuieb III, Eli Rueda. cEli Rueda Guieb IIIaNanay c2011bLikhaan: The Journal of Contemporary Philippine Literature avol. 5 xSANAYSAY uhttp://journals.upd.edu.ph/index.php/lik/issue/view/295/showToc